000 00572nam a2200229Ia 4500
003 OSt
005 20220924151658.0
006 a|||||r|||| 00| 0
007 ta
008 220923b |||||||| |||| 00| 0 tel d
024 _a338647
037 _cTextual
040 _aARTS
_cARTS
_btel
041 _2tel
_atel
082 _aY15, 35N7
100 _aSatyanaryana S.V. Ed.
_9224725
245 0 _asthrivada vivadalu
260 _c1997
650 _aFEMINISM
_943
942 _hY15, 35N7
_cTEXL
_2CC
999 _c467359
_d467359